| 000 | 00800nam a22002177a 4500 | ||
|---|---|---|---|
| 005 | 20100821125025.0 | ||
| 010 | _aENG-101174 | ||
| 020 |
_a9788189840792 _c150.00 |
||
| 035 | _aEN-84707 | ||
| 037 | _bDBAD/PUB | ||
| 082 | _a685.31 | ||
| 100 |
_aNiranjana, S. _916743 |
||
| 245 |
_aEfficiency and productivity in small scale leather industry / _cby S. Niranjana |
||
| 260 |
_aErode _bPallavi Pathippagam S. India _c2008 |
||
| 270 |
_a194, Kanna Complex, Mettur Road _bErode _e11 |
||
| 300 |
_a104p. _c20cm (pbk) |
||
| 500 | _aIncludes bibliographical references | ||
| 650 |
_aLeather industry _916744 |
||
| 942 |
_2ddc _cEN _h685.31 _mNIR |
||
| 999 |
_c42875 _d42875 |
||